00982nam a2200205 a 450000100100000000500170001000800410002704000250006811000320009324000180012524500880014324600750023126000520030630000210035870000530037995201110043295201050054395201110064899900170075900004098620240402134028.0130912s20uu dr 000 0 spa d aDO-SdBNPbspacBNPHU1 aRepública Dominicana944713a[Leyes, etc.]10aCódigo de derecho :binternacional privado /ccompilador Trajano Vidal Potentini.12aCódigo Bustamantebley No. 1055 (del 2 de enero de 1929, G. O. 4042) aMoca, República Dominicana :bDalis,c[20??]. a88 p.: ;c15 cm.12aPotentini Adames, Trajano Vidal‏ecomp.973577 0010718DSaGRbGRcCTd2013-09-12iLF1l0o p40986-30r2020-06-25te. 3w2020-06-25yLFDSZNo se presta 0010718PDaPDbPDcCTd2013-09-12iLF1l0o p40986-10r2020-06-25w2020-06-25yLFPDZNo se presta 0010718PDaPDbPDcCTd2013-09-12iLF1l0o p40986-20r2020-06-25te. 2w2020-06-25yLFPDZNo se presta c40476d40476